Fenomén spotrebiteľského etnocentrizmu na Slovensku

Vysvetlenie pojmu spotrebiteľský etnocentrizmus. Vzťah etnocentrického spotrebiteľa k zahraničným produktom.CET škála na meranie spotrebiteľského etnocentrizmu. Spotrebiteľský etnocentrizmus ovplyvňovaný demografickými charakteristikami spotrebiteľa. Výsledky skúmania CET škály v krajinách strednej...

Descripción completa

Guardado en:
Detalles Bibliográficos
Autor principal: Kopaničová, Janka, 1979-
Formato: Capítulo de libro
Lenguaje:eslovaco
Materias:
Etiquetas: Agregar Etiqueta
Sin Etiquetas, Sea el primero en etiquetar este registro!

MARC

LEADER 00000nla$a2200000$$$4500
001 0072303
005 20240502083207.4
041 0 |a slo 
044 |a CZ 
245 1 0 |a Fenomén spotrebiteľského etnocentrizmu na Slovensku  |c Janka Kopaničová 
520 |a Vysvetlenie pojmu spotrebiteľský etnocentrizmus. Vzťah etnocentrického spotrebiteľa k zahraničným produktom.CET škála na meranie spotrebiteľského etnocentrizmu. Spotrebiteľský etnocentrizmus ovplyvňovaný demografickými charakteristikami spotrebiteľa. Výsledky skúmania CET škály v krajinách strednej a východnej Európy. Meranie CET škály na Slovensku. 
610 2 0 |a spotrebitelia 
610 2 0 |a správanie spotrebiteľa 
610 2 0 |a obchod 
610 2 0 |a produkty 
610 2 0 |a nákup 
610 2 0 |a výskum 
100 1 |a Kopaničová, Janka, 1979-